| 000 | 00403nam a2200157Ia 4500 | ||
|---|---|---|---|
| 008 | 230917s9999||||xx |||||||||||||| ||und|| | ||
| 020 | _cRs. 275.00 | ||
| 040 |
_e5004873 _aMAIN |
||
| 041 | _aEnglish | ||
| 082 | _a297.0954 E85E | ||
| 100 | _aEaton, Richard M | ||
| 245 | 0 | _aEssays on Islam and Indian history | |
| 260 |
_aNew Delhi _bOxford University Press _c2002 |
||
| 300 | _ax, 275 p. | ||
| 942 | _cBK | ||
| 999 |
_c9484 _d9484 |
||